Design of concrete structures (Record no. 3622)

000 -LEADER
fixed length control field 00547nam a22002057a 4500
001 - CONTROL NUMBER
control field 3622
003 - CONTROL NUMBER IDENTIFIER
control field BD-DhUET
008 - FIXED-LENGTH DATA ELEMENTS--GENERAL INFORMATION
fixed length control field 141102b xxu||||| |||| 00| 0 eng d
040 ## - CATALOGING SOURCE
Transcribing agency 0
Modifying agency BD-DhUET
082 ## - DEWEY DECIMAL CLASSIFICATION NUMBER
Classification number 624.183
Item number WIN/1972
100 ## - MAIN ENTRY--PERSONAL NAME
Personal name Winter, George
245 ## - TITLE STATEMENT
Title Design of concrete structures
Statement of responsibility, etc. by George Winter and Arthur H. Nilson
250 ## - EDITION STATEMENT
Edition statement 8th ed.
260 ## - PUBLICATION, DISTRIBUTION, ETC. (IMPRINT)
Place of publication, distribution, etc. New York
Name of publisher, distributor, etc. McGraw-Hill
Date of publication, distribution, etc. 1972
300 ## - PHYSICAL DESCRIPTION
Extent xii,615p.
504 ## - BIBLIOGRAPHY, ETC. NOTE
Bibliography, etc Includes bibliographies
650 #0 - SUBJECT ADDED ENTRY--TOPICAL TERM
Topical term or geographic name as entry element Reinforced concrete
700 ## - ADDED ENTRY--PERSONAL NAME
Personal name Nilson, Arthur H.
942 ## - ADDED ENTRY ELEMENTS (KOHA)
Koha item type General Book
Holdings
Shelving location Koha item type Koha date last seen Sublocation or collection (holding branch) Date acquired Source of classification or shelving scheme Koha issues (times borrowed) Lost status Koha normalized classification for sorting Not for loan Location (home branch) Piece designation (barcode) Withdrawn status Damaged status Price effective from Koha full call number Copy number Koha date last borrowed
Circulation sectionGeneral Book2025-06-18Central Library, BUET2014-11-02 2 624_183000000000000_WIN_1972 Central Library, BUET39870  2014-11-02624.183/WIN/197212025-05-26
Circulation sectionGeneral Book2025-05-28Central Library, BUET2014-11-02 1 624_000000000000000_183WIN1972 Central Library, BUET44253  2014-11-02624.183/WIN/197222025-05-26
Circulation sectionGeneral Book2014-11-18Central Library, BUET2014-11-18   624_000000000000000_183WIN1972 Central Library, BUET39869  2014-11-18624.183/WIN/19723 
Circulation sectionGeneral Book2014-11-18Central Library, BUET2014-11-18   624_000000000000000_183WIN1972 Central Library, BUET39871  2014-11-18624.183/WIN/19724 
Circulation sectionGeneral Book2025-06-28Central Library, BUET2015-02-22 2 624_183000000000000_WIN_1972 Central Library, BUET42844  2015-02-22624.183/WIN/197252025-05-27
Circulation sectionGeneral Book2015-02-22Central Library, BUET2015-02-22   624_183000000000000_WIN_1972 Central Library, BUET54930  2015-02-22624.183/WIN/19726 
Circulation sectionGeneral Book2025-05-27Central Library, BUET2015-05-07 1 624_183000000000000_WIN_1972 Central Library, BUET45112  2015-05-07624.183/WIN/197272025-05-26